000 00281nam a22001337a 4500
008 170622b xxu||||| |||| 00| 0 eng d
020 _a0231121075
041 _aeng
080 _a32
100 _a20
101 _aSHP
245 _aFAMILY-CENTERED
_cLAWSON,K.B
942 _2udc
_cBK
999 _c18583
_d18583